000 00383nam a2200145Ia 4500
008 210210b1999 xxu||||| |||| 00| 0 eng d
082 _a530 PRAT
100 _aPRABHU (G Ganesh) and others.
245 _aText book of physics. I PUC
260 _aMangalore
_bIsha Publishers
_c1999
300 _axi,418
650 _aPhysics I PUC text Isha
690 _aPhysics
906 _a054590
999 _c102032
_d102032